UBT Library

The ultimate question : (Record no. 45180)

000 -LEADER
fixed length control field 00915cam a22002894a 4500
001 - CONTROL NUMBER
control field 14101723
005 - DATE AND TIME OF LATEST TRANSACTION
control field 20180315105718.0
008 - FIXED-LENGTH DATA ELEMENTS--GENERAL INFORMATION
fixed length control field 050909s2006 maua b 001 0 eng
010 ## - LIBRARY OF CONGRESS CONTROL NUMBER
LC control number 2005025733
015 ## - NATIONAL BIBLIOGRAPHY NUMBER
National bibliography number GBA619710
Source bnb
016 7# - NATIONAL BIBLIOGRAPHIC AGENCY CONTROL NUMBER
Record control number 013392271
Source Uk
020 ## - INTERNATIONAL STANDARD BOOK NUMBER
International Standard Book Number 1591397839
020 ## - INTERNATIONAL STANDARD BOOK NUMBER
International Standard Book Number 9781591397830
035 ## - SYSTEM CONTROL NUMBER
System control number (OCoLC)ocm61479545
040 ## - CATALOGING SOURCE
Original cataloging agency DLC
Transcribing agency DLC
Modifying agency BAKER
-- C#P
-- UKM
-- DLC
041 ## - LANGUAGE CODE
Language code of text/sound track or separate title eng
042 ## - AUTHENTICATION CODE
Authentication code pcc
080 ## - UNIVERSAL DECIMAL CLASSIFICATION NUMBER
Universal Decimal Classification number 658.1554 REI
082 00 - DEWEY DECIMAL CLASSIFICATION NUMBER
Classification number 658.1554 REI
Edition number 22
100 1# - Rafti
Rafti 54
101 ## - Shkurtesa
Shkurtesa MEN
245 14 - TITLE STATEMENT
Title The ultimate question :
Statement of responsibility, etc Fred Reichheld.
504 ## - BIBLIOGRAPHY, ETC. NOTE
Bibliography, etc Includes bibliographical references (p. 197-198) and index.
906 ## - LOCAL DATA ELEMENT F, LDF (RLIN)
a 7
b cbc
c orignew
d 1
e ecip
f 20
g y-gencatlg
942 ## - ADDED ENTRY ELEMENTS (KOHA)
Source of classification or shelving scheme
Item type Books
Holdings
Withdrawn status Lost status Source of classification or shelving scheme Damaged status Not for loan Collection code Permanent location Current location Shelving location Date acquired Total Checkouts Full call number Barcode Date last seen Price effective from Koha item type
          Koleksioni i përgjithshem UBT - Lipjan UBT - Lipjan Koleksioni i përgjithshem 03/15/2018   658.1554 REI 002-3001658 03/15/2018 03/15/2018 Books
UBT Library © 2015-2024. All rights reserved University Education for Business and Technology